000 00631nam a2200205Ii 4500
003 JO-AjNU
008 230605s9999||||xx |||||||||||||| ||und||
040 _aJO-AjNU
_bara
_erda
_cJO-AjNU
041 _aara
050 1 4 _aBP80.A222.S5288.1995
100 3 _aشلبي،محمود,
_eauthor
_99026
245 0 0 _aحياة عبد الله بن مسعود
250 _aط1
264 3 1 _aبيروت:دار الجيل ،1995
300 _a224ص
336 _atext
_btxt
_2rdacontent
337 _aunmediated
_bn
_2rdamedia
338 _avolume
_bnc
_2rdacarrier
650 4 _aحياة الصحابة-عبد الله بن مسعود
_99027
999 _aA1089
_c4657
_d4657